000 00658nam a2200217 a 4500
999 _c9223
_d9223
001 9223
003 BD-JhCC
005 20180311111015.0
008 171011s1370 bg |||| ||a| 000 0 ben d
035 _a(BD-JhCC)9223
040 _aBD-JhCC
_dBD-JhCC
041 _aben
082 _a920
_bALI 1370
100 _aআলী, মোহাম্মদ নাসির
245 _aমোহাম্মদ-বিন-কাসেম /
_cমোহাম্মদ নাসির আলী
260 _aঢাকা :
_bবাংলা একাডেমী,
_c1370.
300 _a33 p. :
_c22 cm.
650 _aBiography
942 _2ddc
_cBK